| 000 | 01442nam a2200421 i 4500 | ||
|---|---|---|---|
| 001 | 47074 | ||
| 003 | ES-MaCES | ||
| 005 | 20250526142650.0 | ||
| 007 | cr ||||||||||| | ||
| 008 | 160212s2016 sp | 000 | spa d | ||
| 017 |
_aNA 2301-2015 _bDL |
||
| 020 | _a9788490988954 | ||
| 040 |
_aES-MaCES _bspa _cES-MaCES |
||
| 245 | 0 | 0 |
_aAspectos controvertidos de negociación colectiva _c[autores, Alfredo Montoya Melgar ... et al.] |
| 250 | _a1ª ed | ||
| 260 |
_aValladolid _bLex Nova Thomson Reuters _c2016 |
||
| 300 |
_a784 p. _c24 cm |
||
| 500 | _aDisponible en formato electrónico mediante la aplicación PROVIEW | ||
| 500 | _aÍndices | ||
| 500 | _aJurisprudencia (comentada): p. 446-750 | ||
| 504 | _aBibliografía | ||
| 541 | _cCompra | ||
| 650 | 4 |
_anegociación colectiva _928362 |
|
| 650 | 4 |
_acrisis económica _927102 |
|
| 650 | 4 |
_aconvenio colectivo _928361 |
|
| 650 | 4 |
_aextensión del convenio colectivo _930041 |
|
| 650 | 4 |
_acondiciones de trabajo _928327 |
|
| 650 | 4 |
_aderecho del trabajo _927165 |
|
| 650 | 4 |
_ajurisprudencia _928624 |
|
| 650 | 4 |
_aderecho jurisprudencial _929863 |
|
| 650 | 4 |
_aEspaña _926964 |
|
| 650 | 4 |
_arégimen jurídico _929894 |
|
| 653 | 1 | 0 | _aDerecho del trabajo y Seguridad Social |
| 700 | 1 |
_918942 _aMontoya Melgar, Alfredo |
|
| 856 | 4 |
_uhttps://legalteca.aranzadilaley.es/my-library?sponsor=82111144-IP _yLegalteca |
|
| 902 | _aLIB Libro | ||
| 942 |
_2CES _cBK _h6.0.1. |
||
| 999 |
_c47074 _d47074 |
||